000 00733nam a2200241 i 4500
001 16619
003 ES-MaACL
005 20260426162625.0
007 t|
008 001020s1997 sp |||| | spa j
020 _a84-88730-15-2
080 _a821.112.2-32"19"
100 1 _aRilke, Rainer Maria,
_d1875-1926
_997230
245 1 0 _aA lo largo de la vida
_b: historias cortas y apuntes /
_cRainer Maria Rilke ; traducción, Antón Dieterich.
250 _a1ª ed.
260 _aBarcelona :
_bAlba,
_c1997.
300 _a126 p. ;
_c21 cm.
490 1 _aAlba clásica ;
_v12
700 1 _aDieterich, Antón,
_d1944-
_9160202
830 0 _aAlba clásica ;
_v12
_9179792
852 _aES-MaACL
_jL-23819
999 _c16619
_d16619